书目信息 |
| 题名: |
统计物理学
|
|
| 作者: | 曼德尔 著 ;范印哲 译 | |
| 分册: | ||
| 出版信息: | 北京 人民教育出版社 1981.12 |
|
| 页数: | 447页 | |
| 开本: | 20cm | |
| 丛书名: | 曼彻斯特物理学丛书 | |
| 单 册: | ||
| 中图分类: | O414.2 | |
| 科图分类: | ||
| 主题词: | 统计物理学 | |
| 电子资源: | ||
| ISBN: | ||
| 000 | 00630nam2 2200229 45 | |
| 001 | 0312221749 | |
| 005 | 20060731151030.78 | |
| 010 | @dCNY1.90 | |
| 091 | @a13012.0706 | |
| 100 | @a20031222d1981 km y0chiy0120 ea | |
| 101 | @achi@ceng | |
| 200 | 1 | @a统计物理学@ATong Ji Wu Li Xue@f(英)曼德尔著@F(Ying)Man De Er Zhu@g范印哲译 |
| 210 | @a北京@c人民教育出版社@d1981.12 | |
| 215 | @a447页@d20cm | |
| 225 | @a曼彻斯特物理学丛书 | |
| 410 | @12001 @a曼彻斯特物理学丛书 | |
| 606 | 0 | @a统计物理学 |
| 690 | @aO414.2@v3 | |
| 701 | 0 | @a曼德尔@4著 |
| 702 | 0 | @a范印哲@4译 |
| 801 | @aCN@bTSTCL@c20060731 | |
| 905 | @dO414.2@e25@f1@b93309 | |
| 统计物理学/(英)曼德尔著/范印哲译.-北京:人民教育出版社,1981.12 |
| 447页;20cm.-(曼彻斯特物理学丛书) |
| ISBN :CNY1.90 |
| ● |
| 相关链接 |
|
|
|
|
正题名:统计物理学
索取号:O414.2/25
 
预约/预借
| 序号 | 登录号 | 条形码 | 馆藏地/架位号 | 状态 | 备注 |
| 1 | 0093308 | 001053923 | 第三借阅区/ [索取号:O414.2/25] | 在馆 | |
| 2 | 0093309 | 001054012 | 第三借阅区/ [索取号:O414.2/25] | 在馆 | |
| 3 | 0093310 | 202097587 | 第二样本阅览室/ [索取号:O414.2/25] | 在馆 | |
| 4 | 0434184 | 204341845 | 密集书库/ [索取号:O414.2/25] | 在馆 |